000 00628nam a2200181Ia 4500
008 200819s9999||||xx |||||||||||||| ||und||
020 _a0310200512
020 _a9780310200512
041 _aeng
050 _aBT707
_b.R518 1986
100 _aRichards, Sue Poorman
245 0 _aMinistry to the divorced:
_bguidance, structure, and organization that promote healing in the church /
_cSue Poorman Richards, Stanley Hagemeyer
260 _aGrand Rapids, MI :
_bMinistry Resources Library,
_c1986
300 _a109 p.
_b;
_c24 cm.
650 _aChurch work with divorced people.
700 _aHagemeyer, Stanley
999 _c13768
_d13768